000
00200 a2200097 4500
020
_a
9780262671057
041
_a
eng
100
_a
Gaffin, Adam
245
_a
Everybodys guide to the internet
942
_c
BK
999
_c
7759
_d
7759